City of light / (Record no. 1082)

000 -LEADER
fixed length control field 01546nam a22003977a 4500
001 - CONTROL NUMBER
control field 3091027
003 - CONTROL NUMBER IDENTIFIER
control field OSt
005 - DATE AND TIME OF LATEST TRANSACTION
control field 20210426125404.0
008 - FIXED-LENGTH DATA ELEMENTS--GENERAL INFORMATION
fixed length control field 981118s1999 nyub 000 1 eng
010 ## - LIBRARY OF CONGRESS CONTROL NUMBER
LC control number 98052917
020 ## - INTERNATIONAL STANDARD BOOK NUMBER
International Standard Book Number 038533401X
035 ## - SYSTEM CONTROL NUMBER
System control number (DLC) 98052917
040 ## - CATALOGING SOURCE
Original cataloging agency DLC
Transcribing agency DLC
Modifying agency OCoLC
-- DLC
043 ## - GEOGRAPHIC AREA CODE
Geographic area code n-us-ny
050 00 - LIBRARY OF CONGRESS CALL NUMBER
Classification number PS3552.E467
Item number C58 1999
080 ## - UNIVERSAL DECIMAL CLASSIFICATION NUMBER
Universal Decimal Classification number 821.111
Item number B-41
082 00 - DEWEY DECIMAL CLASSIFICATION NUMBER
Classification number 813/.54
Edition number 21
100 1# - MAIN ENTRY--PERSONAL NAME
Personal name Belfer, Lauren.
245 10 - TITLE STATEMENT
Title City of light /
Statement of responsibility, etc. Lauren Belfer.
260 ## - PUBLICATION, DISTRIBUTION, ETC.
Place of publication, distribution, etc. New York :
Name of publisher, distributor, etc. Dial Press,
Date of publication, distribution, etc. c1999.
300 ## - PHYSICAL DESCRIPTION
Extent 518 p. :
Other physical details maps ;
Dimensions 25 cm.
611 20 - SUBJECT ADDED ENTRY--MEETING NAME
Meeting name or jurisdiction name as entry element Pan-American Exposition
Date of meeting or treaty signing (1901 :
Location of meeting Buffalo, N.Y.)
Form subdivision Fiction.
650 #0 - SUBJECT ADDED ENTRY--TOPICAL TERM
Topical term or geographic name entry element Women school principals
Form subdivision Fiction.
650 #0 - SUBJECT ADDED ENTRY--TOPICAL TERM
Topical term or geographic name entry element Industrial revolution
Form subdivision Fiction.
650 #0 - SUBJECT ADDED ENTRY--TOPICAL TERM
Topical term or geographic name entry element City and town life
Form subdivision Fiction.
651 #0 - SUBJECT ADDED ENTRY--GEOGRAPHIC NAME
Geographic name Buffalo (N.Y.)
Form subdivision Fiction.
653 ## - INDEX TERM--UNCONTROLLED
Uncontrolled term ინგლისური ლიტერატურა
655 #7 - INDEX TERM--GENRE/FORM
Genre/form data or focus term Detective and mystery stories.
Source of term gsafd
655 #7 - INDEX TERM--GENRE/FORM
Genre/form data or focus term Historical fiction.
Source of term gsafd
856 42 - ELECTRONIC LOCATION AND ACCESS
Materials specified Contributor biographical information
Uniform Resource Identifier <a href="http://www.loc.gov/catdir/bios/random058/98052917.html">http://www.loc.gov/catdir/bios/random058/98052917.html</a>
856 41 - ELECTRONIC LOCATION AND ACCESS
Materials specified Sample text
Uniform Resource Identifier <a href="http://www.loc.gov/catdir/samples/random044/98052917.html">http://www.loc.gov/catdir/samples/random044/98052917.html</a>
856 42 - ELECTRONIC LOCATION AND ACCESS
Materials specified Publisher description
Uniform Resource Identifier <a href="http://www.loc.gov/catdir/description/random0411/98052917.html">http://www.loc.gov/catdir/description/random0411/98052917.html</a>
906 ## - LOCAL DATA ELEMENT F, LDF (RLIN)
a 7
b cbc
c orignew
d 1
e ocip
f 19
g y-gencatlg
942 ## - ADDED ENTRY ELEMENTS (KOHA)
Source of classification or shelving scheme
Koha item type Books
Holdings
Withdrawn status Lost status Source of classification or shelving scheme Damaged status Not for loan Permanent location Current location Date acquired Inventory number Total Checkouts Full call number Barcode Date last seen Price effective from Koha item type
          Ken Walker International University Ken Walker International University 02/01/2021 560   821.111 B-41 560 02/01/2021 02/01/2021 Books

Powered by Koha